000 00336nam a2200133Ia 4500
008 240624s9999 xx 000 0 und d
041 _aeng
082 _a658.84 LEE
100 _aLEE IN
245 _aELECTRONIC BUSINESS CONCEPTS METHODOLOGI
260 _c2009
_aNew York
_bInformation Science Reference
365 _c
_b30
440 _v2
999 _c27568
_d27568